000 00542nam a2200193 4500
001 132388
003 ES-MaACL
005 20260601155229.0
007 t|
008 070214n19101919sp r ||||1| spa d
100 1 _aRolland, Romain,
_d1866-1944
_9239240
245 1 0 _aVie de Michel -Auge /
_cRomain Rolland.
260 _aSuresnes :
_bE. Payen,
_c[191_?]
300 _a222 p. :
_bil. ;
_c18 cm.
490 1 _aVie des hommes illustres
830 0 _aVie des hommes illustres
_9184596
852 _aES-MaACL
_jD-2007
999 _c132388
_d132388